| 000 | 09227cam a2201801 a 4500 | ||
|---|---|---|---|
| 999 | _c57158 | ||
| 001 | 12142644 | ||
| 003 | LIBRIS | ||
| 005 | 20210330101614.0 | ||
| 008 | 110415s2011 sw |||||||||||000 0|swe|c | ||
| 020 |
_a9789173893916 _qinb. |
||
| 035 | _a(Bo)479087 | ||
| 040 |
_aLGEN _dL _dG _dS _ea |
||
| 041 | _aswe | ||
| 082 | 0 | 4 |
_a306.89 _222/swe |
| 084 |
_aOac _2kssb/8 (machine generated) |
||
| 245 | 1 | 0 |
_aHappy, happy : _ben bok om skilsmässa / _c[sammanställare:] Maria Sveland & Katarina Wennstam. |
| 264 | 1 |
_aStockholm : _bAtlas, _c2011 |
|
| 264 | 3 |
_aFalun : _bScandbook |
|
| 300 |
_a169 s. _bill. _c20 cm |
||
| 500 |
_5Li _aPliktex. |
||
| 541 | _5E | ||
| 650 | 7 |
_aSkilsmässa _0https://id.kb.se/term/sao/Skilsm%C3%A4ssa _2sao |
|
| 650 | 7 |
_aLivsberättelser _2kao |
|
| 650 | 7 |
_aÄktenskap _xskilsmässa _xfrihet _2kao |
|
| 650 | 0 | _aDivorce | |
| 650 | 7 |
_aLife stories _2kao//eng |
|
| 650 | 7 |
_aMarriage _xdivorce _xfreedom _2kao//eng |
|
| 653 | _aÄktenskap | ||
| 653 | _aSkilsmässa | ||
| 698 | _a20110915 | ||
| 700 | 1 |
_aSveland, Maria, _d1974- _4edt _0https://libris.kb.se/wt7bf24f3gdp6gt#it |
|
| 700 | 1 |
_aWennstam, Katarina, _d1973- _4edt _0https://libris.kb.se/mkz279x50g91b20#it |
|
| 852 | _dOa | ||
| 887 |
_a{"@id":"g0stfhls5jrwpqc","modified":"2019-06-12T17:39:48.357+02:00","checksum":"173007792842"} _2librisxl |
||
| 887 |
_a{"@id":"kpwkpxtq2l1qgwf","modified":"2014-08-25T11:25:41+02:00","checksum":"174892583573"} _2librisxl |
||
| 887 |
_a{"@id":"ns1xpv7t42tnssr","modified":"2016-01-25T11:51:01+01:00","checksum":"184032435241"} _2librisxl |
||
| 887 |
_a{"@id":"ns0kxj4t58f4pg3","modified":"2013-11-18T18:09:39+01:00","checksum":"187968519132"} _2librisxl |
||
| 887 |
_a{"@id":"48g3j8092tk3p1h","modified":"2014-04-01T11:52:46+02:00","checksum":"196447084748"} _2librisxl |
||
| 887 |
_a{"@id":"gls3htnm58kqc96","modified":"2016-06-20T10:00:26+02:00","checksum":"222918490451"} _2librisxl |
||
| 887 |
_a{"@id":"djq23svk0wlzp1r","modified":"2011-11-07T15:36:51+01:00","checksum":"229620377445"} _2librisxl |
||
| 887 |
_a{"@id":"w17jk6t24tj4h3w","modified":"2011-11-18T11:20:26+01:00","checksum":"233027507560"} _2librisxl |
||
| 887 |
_a{"@id":"04chtn553b1smz7","modified":"2017-01-11T18:10:02+01:00","checksum":"208899010786"} _2librisxl |
||
| 887 |
_a{"@id":"fkr1dccl4m5lc5q","modified":"2011-10-04T12:03:24+02:00","checksum":"189443238315"} _2librisxl |
||
| 887 |
_a{"@id":"9fmx06gg4h4pcn8","modified":"2017-02-06T18:30:27+01:00","checksum":"194652809451"} _2librisxl |
||
| 887 |
_a{"@id":"z39p7rj40v791mb","modified":"2012-04-03T10:09:40+02:00","checksum":"179595438183"} _2librisxl |
||
| 887 |
_a{"@id":"04blfhz5337v899","modified":"2016-03-07T10:16:22+01:00","checksum":"217542490339"} _2librisxl |
||
| 887 |
_a{"@id":"7ckwpxrd2zxp88w","modified":"2011-10-19T17:32:23+02:00","checksum":"241238146624"} _2librisxl |
||
| 887 |
_a{"@id":"z39lwsf44zgcqw0","modified":"2011-09-09T12:01:42+02:00","checksum":"183618566991"} _2librisxl |
||
| 887 |
_a{"@id":"26dqj6n73h7vzbw","modified":"2011-10-24T15:45:58+02:00","checksum":"197739738129"} _2librisxl |
||
| 887 |
_a{"@id":"chp0zcsj4zgqk6m","modified":"2011-08-26T08:35:02+02:00","checksum":"197672450949"} _2librisxl |
||
| 887 |
_a{"@id":"37frg6g81l75h4x","modified":"2013-11-04T11:43:16+01:00","checksum":"234942114666"} _2librisxl |
||
| 887 |
_a{"@id":"hmt54fpn4jhb4ln","modified":"2011-11-01T11:08:51+01:00","checksum":"226200729618"} _2librisxl |
||
| 887 |
_a{"@id":"jnv6wzjp10dtwms","modified":"2011-10-17T07:50:16+02:00","checksum":"223779749465"} _2librisxl |
||
| 887 |
_a{"@id":"59jbvx7b59vxnhb","modified":"2015-06-22T10:53:19+02:00","checksum":"192891088834"} _2librisxl |
||
| 887 |
_a{"@id":"chqt2q7j28jhbqs","modified":"2016-11-22T14:20:58+01:00","checksum":"172707086095"} _2librisxl |
||
| 887 |
_a{"@id":"tz5h61f03sxjbm9","modified":"2018-01-08T10:15:00+01:00","checksum":"225439550759"} _2librisxl |
||
| 887 |
_a{"@id":"48gskzw95vddgbc","modified":"2018-01-04T17:35:36+01:00","checksum":"242155493522"} _2librisxl |
||
| 887 |
_a{"@id":"6bjvfbbc0zk9b5r","modified":"2011-09-21T09:25:31+02:00","checksum":"232840673618"} _2librisxl |
||
| 887 |
_a{"@id":"kpwp344q0gdf4sp","modified":"2015-03-11T08:31:02+01:00","checksum":"160715955440"} _2librisxl |
||
| 887 |
_a{"@id":"jnv6srsp1v03lv3","modified":"2011-09-21T18:06:40+02:00","checksum":"159219193686"} _2librisxl |
||
| 887 |
_a{"@id":"qv2d0psw457qjm4","modified":"2012-09-25T15:30:14+02:00","checksum":"234105057172"} _2librisxl |
||
| 887 |
_a{"@id":"37fqtfr84h1t4tz","modified":"2011-09-02T13:14:49+02:00","checksum":"175538220679"} _2librisxl |
||
| 887 |
_a{"@id":"djq1hkgk0n90jtm","modified":"2020-07-23T12:27:58.606+02:00","checksum":"239082582683"} _2librisxl |
||
| 887 |
_a{"@id":"chp1pnlj359rx7s","modified":"2011-09-28T11:11:48+02:00","checksum":"189021123798"} _2librisxl |
||
| 887 |
_a{"@id":"qv2d6djw1j2lfn8","modified":"2011-10-19T14:23:00+02:00","checksum":"224308134489"} _2librisxl |
||
| 887 |
_a{"@id":"w17kb6322ct1mnt","modified":"2011-10-10T12:22:40+02:00","checksum":"173527636712"} _2librisxl |
||
| 887 |
_a{"@id":"59htjqnb0ztzdlq","modified":"2011-09-30T14:20:10+02:00","checksum":"235809164587"} _2librisxl |
||
| 887 |
_a{"@id":"37fr3jv834vrg3h","modified":"2017-05-22T08:40:49+02:00","checksum":"238212451034"} _2librisxl |
||
| 887 |
_a{"@id":"48gsrww95hg1s5h","modified":"2013-07-31T10:50:20+02:00","checksum":"194820101849"} _2librisxl |
||
| 887 |
_a{"@id":"pt1cvnnv2z7hsb6","modified":"2011-09-19T10:26:05+02:00","checksum":"176626967543"} _2librisxl |
||
| 887 |
_a{"@id":"z3b93l241dj2dw4","modified":"2016-04-13T13:24:39+02:00","checksum":"235949218698"} _2librisxl |
||
| 900 | 1 | s |
_6700 _d1974- _uSveland, Maria, _d1974- |
| 942 |
_2z _cBOOK |
||